Statistics for Spain

Click here to take the quiz!

General Stats

  • This quiz has been taken 109 times
  • The average score is 4 of 5

Answer Stats

Hint Country Answer % Correct
language in this CountrySSpanish
100%
What is the name of the peninsula Spain is onIIberian
95%
Where is Spain located onPPeninsula
75%
There were three ships offered for Columbus to take on his journey they were the Pinta, the Santa Maria, and the _______NNina
65%
What empire did the Spain attack at wipe outAAztec
40%

Score Distribution

Percentile by Number Answered

Percent of People with Each Score

Your Score History

You have not taken this quiz